书目信息 |
| 题名: |
李白
|
|
| 作者: | 吴松林 编写 | |
| 分册: | ||
| 出版信息: | 北京 中国盲文出版社 2010 |
|
| 页数: | 1册 | |
| 开本: | 31cm | |
| 丛书名: | ||
| 单 册: | ||
| 中图分类: | K825.6=422 , K825.6 | |
| 科图分类: | ||
| 主题词: | ||
| 电子资源: | ||
| ISBN: | 978-7-5002-3158-5 | |
| 000 | 00713nam0 2200253 450 | |
| 001 | 1552985766 | |
| 005 | 20150201144336.54 | |
| 010 | @a978-7-5002-3158-5@dCNY16.00 | |
| 100 | @a20110907d2010 cemy0chiy50 ea | |
| 101 | 0 | @achi |
| 102 | @aCN@b110000 | |
| 105 | @ay z 000yd | |
| 200 | 1 | @a李白@9li bai@f吴松林编写 |
| 210 | @a北京@c中国盲文出版社@d2010 | |
| 215 | @a1册@d31cm | |
| 300 | @a少年成长必读的励志书 | |
| 305 | @a据大众文艺出版社2008年3月第1版第2次印刷本译印 | |
| 600 | 0 | @a李白@f(701-762)@x生平事迹@j少年读物 |
| 600 | 0 | @a李白@f(701-762) |
| 690 | @aK825.6=422@v5 | |
| 690 | @aK825.6@v4 | |
| 701 | 0 | @a吴松林@9wu song lin@4编写 |
| 801 | 0 | @aCN@bTSSF@c20150201 |
| 905 | @aZUCC@dK825.6@eJY1 | |
| 李白/吴松林编写.-北京:中国盲文出版社,2010 |
| 1册;31cm |
| 少年成长必读的励志书 |
| ISBN 978-7-5002-3158-5:CNY16.00 |
| ● |
| 相关链接 |
|
|
|
|
正题名:李白
索取号:K825.6/JY1
 
预约/预借
| 序号 | 登录号 | 条形码 | 馆藏地/架位号 | 状态 | 备注 |
| 1 | 7864718 | 278647181 | 学院路分馆/ [索取号:K825.6/JY1] | 在馆 |